000 00871nam a2200265 i 4500
001 bg
100 1 _aKONIECZYŃSKI, Jan
245 1 0 _aOchrona powietrza przed szkodliwymi gazami :
_bmetody, aparatura i instalacje /
_cJan Konieczyński.
260 _aGliwice :
_bWydaw. Politechniki Śląskiej,
_c2004.
300 _a502 s. :
_bil. ;
_c24 cm.
504 _aBibliogr. przy rozdz., indeks.
650 9 _aPowietrze
_xochrona
_xmetody
650 9 _aGazy
_xwpływ na środowisko
650 9 _aGazy
_xunieszkodliwianie
650 9 _aPowietrze
_xdegradacja
655 _aPodręczniki akademickie
020 _a8373351922
040 _cBPK
041 0 _apol
080 _a628.5:504.3.054](075.8)
920 _a83-7335-192-2
942 _cKS
008 s pl f |000 0 pol
999 _c45772
_d45772
856 _uhttp://koha.tu.koszalin.pl/cgi-bin/koha/opac-detail.pl?biblionumber=45772
_yKatalog online BPK